海に面している村(1995年) - Statistics

General Stats
  • This quiz has been taken 22 times
  • The average score is 63 of 100
Answer Stats
Hint Answer % Correct
北海道 猿払村
95%
北海道 初山別村
89%
北海道 神恵内村
89%
北海道 | 鳥取県 泊村
89%
青森県 風間浦村
89%
北海道 島牧村
84%
青森県 佐井村
84%
青森県 東通村
84%
岩手県 普代村
84%
岩手県 田野畑村
84%
東京都 利島村
84%
東京都 御蔵島村
84%
東京都 青ヶ島村
84%
東京都 小笠原村
84%
鹿児島県 十島村
84%
北海道 椴法華村
79%
茨城県 東海村
79%
東京都 神津島村
79%
東京都 三宅村
79%
愛知県 飛島村
79%
大分県 姫島村
79%
鹿児島県 三島村
79%
青森県 六ヶ所村
74%
青森県 蓬田村
74%
岩手県 野田村
74%
千葉県 長生村
74%
東京都 新島村
74%
島根県 知夫村
74%
沖縄県 読谷村
74%
沖縄県 今帰仁村
74%
沖縄県 東村
74%
沖縄県 伊江村
74%
沖縄県 伊是名村
74%
沖縄県 伊平屋村
74%
沖縄県 渡名喜村
74%
青森県 三厩村
68%
青森県 小泊村
68%
新潟県 粟島浦村
68%
三重県 鵜殿村
68%
鳥取県 日吉津村
68%
愛媛県 魚島村
68%
鹿児島県 大和村
68%
沖縄県 恩納村
68%
沖縄県 宜野座村
68%
沖縄県 大宜味村
68%
沖縄県 渡嘉敷村
68%
沖縄県 粟国村
68%
沖縄県 南大東村
68%
沖縄県 北大東村
68%
北海道 浜益村
63%
北海道 厚田村
63%
青森県 車力村
63%
茨城県 旭村
63%
鹿児島県 宇検村
63%
沖縄県 豊見城村
63%
沖縄県 中城村
63%
沖縄県 北中城村
63%
沖縄県 座間味村
63%
沖縄県 多良間村
63%
青森県 脇野沢村
58%
青森県 岩崎村
58%
秋田県 峰浜村
58%
茨城県 大洋村
58%
高知県 芸西村
58%
福岡県 | 長崎県 大島村
58%
鹿児島県 上甑村
58%
鹿児島県 下甑村
58%
沖縄県 国頭村
58%
沖縄県 具志川村
58%
青森県 市浦村
53%
静岡県 戸田村
53%
島根県 五箇村
53%
島根県 布施村
53%
沖縄県 仲里村
53%
千葉県 蓮沼村
47%
新潟県 赤泊村
47%
鹿児島県 里村
47%
鹿児島県 住用村
47%
沖縄県 知念村
47%
沖縄県 上野村
47%
青森県 平舘村
42%
静岡県 賀茂村
42%
新潟県 神林村
42%
新潟県 岩室村
42%
愛媛県 生名村
42%
愛媛県 関前村
42%
大分県 米水津村
42%
鹿児島県 鹿島村
42%
新潟県 和島村
37%
福井県 河野村
37%
鳥取県 福部村
37%
島根県 都万村
37%
沖縄県 具志頭村
37%
沖縄県 玉城村
37%
愛媛県 岩城村
32%
愛媛県 内海村
26%
愛媛県 吉川村
16%
福井県 越廻村
11%
No matching quizzes found
Score Distribution
Percent of People with Each Score
Percentile by Number Answered
Your Score History
You have not taken this quiz